Assignment in utopia. (Record no. 14859)

000 -LEADER
fixed length control field 00551nam a2200181 a 4500
001 - CONTROL NUMBER
control field :::00012693$&:&@@
003 - CONTROL NUMBER IDENTIFIER
control field OkBaRHE
005 - DATE AND TIME OF LATEST TRANSACTION
control field 20000607103421.0
008 - FIXED-LENGTH DATA ELEMENTS--GENERAL INFORMATION
fixed length control field s1967 j 000 0 eng u
040 ## - CATALOGING SOURCE
Transcribing agency
100 1# - MAIN ENTRY--PERSONAL NAME
Personal name Lyons, Eugene.
245 10 - TITLE STATEMENT
Title Assignment in utopia.
260 ## - PUBLICATION, DISTRIBUTION, ETC. (IMPRINT)
Place of publication, distribution, etc New York, NY., :
Name of publisher, distributor, etc Twin Circle Publishing
Date of publication, distribution, etc c1967
300 ## - PHYSICAL DESCRIPTION
Extent 259 p. ;
Dimensions 18 cm.
650 ## - SUBJECT ADDED ENTRY--TOPICAL TERM
Topical term or geographic name as entry element Communism
942 ## - ADDED ENTRY ELEMENTS (KOHA)
Source of classification or shelving scheme
Koha item type Books
Copies
Current Location Source of classification or shelving scheme Shelving location Date acquired Koha item type Date last seen Permanent Location Copy number Withdrawn status Barcode Lost status Damaged status Not for loan Full call number Price effective from
RHEMA Bible Training College General Stacks2010-04-14Books2010-04-14RHEMA Bible Training College1 12693   HX 40 L92010-04-14